000 00994nam a2200289 a 4500
001 000024261
003 DO-SdBPM
005 20260423104416.0
007 ta
008 110125s2007 dr 001 0 spa d
040 _aDO-SdBPM
_bspa
_cBPMSU
_drda
082 0 4 _a345.729305
_bP328d 2007
_222
100 1 _a Paulino Baldera, Cristían de Jesús
_eautor
_4aut.
245 1 0 _aLas diversas medidas de coerción en el proceso penal /
_cCristian de de Jesús Paulino Baldera
246 1 3 _aLey doctrina Jurisprudencial
260 _b
_c
_f
264 _aSanto Domingo :
_bEditora Centenario,
_c2007
300 _a387 páginas ;
_c23 cm.
336 _atexto
_btxt
_2rdacontent
337 _asin mediación
_bn
_2rdamedia
338 _avolumen
_bnc
_2rdacarrier
590 _aInventariado,2026/VM
650 7 _aDerecho procesal penal
_zRepública Dominicana
650 7 _aDerecho procesal penal
_zRepública Dominicana
910 _aVMateo V. Control de calidad. BPMSU
942 _2ddc
_cBK
999 _c15789
_d15789